Statistics for Roblox Rise Of Nations Releasables

Click here to take the quiz!

General Stats

  • This quiz has been taken 39 times
  • The average score is 41 of 115

Answer Stats

Releases fromAnswer% Correct
BelgiumFlanders
72%
ItalySicily
72%
United KingdomScotland
64%
BrazilAmazonia
60%
CanadaQuebec
60%
GermanyBavaria
56%
SpainCatalonia
56%
ItalyNaples
56%
CyprusNorthern Cyprus
56%
Argentina and ChilePatagonia
56%
United StatesTexas
56%
BelgiumWallonia
56%
CanadaAlberta
52%
United StatesCalifornia
52%
FranceCorsica
52%
RussiaKaliningrad
52%
SerbiaKosovo
52%
ChinaManchuria
52%
United StatesNew England
52%
ChinaTibet
52%
United KingdomWales
52%
United StatesAlaska
48%
FranceBrittany
48%
United States and CanadaCascadia
48%
UkraineCrimea
48%
FranceOccitania
48%
BrazilRio de Janeiro
48%
ItalySardinia
48%
SomaliaSomaliland
48%
ChinaAnhui
44%
MexicoBaja California
44%
Antigua and BarbudaBarbuda
44%
United KingdomCornwall
44%
UkraineDonetsk
44%
SpainGalicia
44%
United StatesHawaii
44%
IsraelPalestine
44%
GermanySaxony
44%
RomaniaTransylvania
44%
FranceAlsace
40%
Spain and FranceBasque
40%
United StatesConfederate States
40%
UkraineLuhansk
40%
BrazilNordeste
40%
United StatesPuerto Rico
40%
MoroccoRif
40%
CanadaSaskatchewan
40%
BrazilSul
40%
MoroccoWestern Sahara
40%
FinlandAland
36%
SpainAndalusia
36%
United StatesAztlan
36%
AngolaCabinda
36%
Netherlands and GermanyFrisia
36%
ChinaGuangxi
36%
AlgeriaKabylia
36%
United KingdomMercia
36%
Saint Kitts and NevisNevis
36%
BrazilSao Paulo
36%
ChinaShanxi
36%
MoldovaTransnistria
36%
MexicoYucatan
36%
TanzaniaZanzibar
36%
CameroonAmbazonia
32%
SpainAsturias
32%
SudanDarfur
32%
ChinaFujian
32%
ArgentinaMendoza
32%
SwedenScania
32%
EthiopiaTigray
32%
Ethiopia and EritreaAfar
28%
SpainCanary Islands
28%
South AfricaCape Republic
28%
AngolaLunda-Tchokwe
28%
United KingdomNorthumbria
28%
ChinaQinghai
28%
BoliviaSanta Cruz
28%
FranceSavoy
28%
ChinaSinkiang
28%
Italy | SpainVenetia
28%
Argentina and ChileWallmapu
28%
GhanaWestern Togoland
28%
D.R. CongoBas-Congo
24%
NigeriaBiafra
24%
UkraineBudjak
24%
BrazilEspirito Santo
24%
D.R. CongoKatanga
24%
ItalyLiguria
24%
NigerAgadez
20%
SpainAragon
20%
Namibia and ZambiaBarotseland
20%
UkraineCarpathian Rus
20%
SenegalCasamance
20%
ItalyEmilia
20%
D.R. CongoKivu
20%
Central African RepublicLogone
20%
ItalyLombardy
20%
KenyaMombasa
20%
ItalyPiedmont
20%
ItalyRomagna
20%
ColombiaSan Andres
20%
Republic of CongoSouth Congo
20%
ItalyValdosta
20%
MaliAzawad
16%
ItalyFriuli
16%
EthiopiaOgaden
16%
EthiopiaOromia
16%
ItalyTrieste
16%
ItalyTuscany
16%
ComorosAnjouan
12%
South AfricaVolkstaat
12%
MwaliComoros
8%
NigeriaOduduwa
8%
ZambiaMthwakazi
4%

Score Distribution

Percentile by Number Answered

Percent of People with Each Score

Your Score History

You have not taken this quiz